| 000 | 00556nam a22001937a 4500 | ||
|---|---|---|---|
| 005 | 20251108165949.0 | ||
| 008 | 250721s1987 xx 000 0 ara d | ||
| 082 | 1 | 4 | _aق/شتا |
| 100 | 1 | _aشتاينبيك، جون | |
| 245 | 1 | 0 |
_aاللؤلؤة : _bرواية / |
| 264 | 1 |
_aعمان : _bدار منارات، _c1987. |
|
| 300 | _a105ص | ||
| 490 | 0 | _aمنارات روائية ؛ 8 | |
| 650 | 1 | 7 | _aالأدب المترجم |
| 650 | 1 | 7 | _aالروايات |
| 700 | 1 |
_aنصار، سمير عزت _eترجمة |
|
| 942 |
_2ddc _cBK |
||
| 999 |
_c36027 _d36027 |
||